| 000 | 00000nas 2200000zi 4500 |
| 001 | 9.919172 |
| 003 | CaOODSP |
| 005 | 20230116114005 |
| 006 | m o d f |
| 007 | cr ||||||||||| |
| 008 | 230116c20189999onc x m o f0###b0fre|d |
| 040 | |aCaOODSP|bfre|erda|cCaOODSP |
| 043 | |an-cn--- |
| 086 | 1 |aH133-1F-PDF |
| 245 | 00|aSérie de ressources sur le cannabis. |
| 264 | 1|a[Ottawa] : |bSanté Canada, |c2018- |
| 310 | |aIrrégulier |
| 336 | |atexte|btxt|2rdacontent/fre |
| 337 | |ainformatique|bc|2rdamedia/fre |
| 338 | |aressource en ligne|bcr|2rdacarrier/fre |
| 362 | 1 |aParaît depuis: 2018. |
| 500 | |aPublié aussi en anglais sous le titre : Cannabis resource series. |
| 650 | 6|aCannabis|zCanada. |
| 710 | 1 |aCanada. |bSanté Canada, |eorganisme de publication. |
| 775 | 08|tCannabis resource series.|w(CaOODSP)9.919171 |